Statistics for Cambridge University Colleges

Click here to take the quiz!

General Stats

  • This quiz has been taken 1,700 times
  • The average score is 20 of 31

Answer Stats

College% Correct
King's
92%
Trinity
89%
Christ's
87%
Queen's
86%
Jesus
82%
St. John's
81%
Gonville and Caius
73%
Trinity Hall
70%
Clare
69%
Magdalene
68%
Girton
67%
Peterhouse
67%
Churchill
66%
Corpus Christi
66%
Pembroke
66%
St. Catharine's
66%
Downing
65%
Emmanuel
63%
Homerton
63%
Fitzwilliam
60%
Sidney Sussex
60%
Newnham
59%
Robinson
59%
Wolfson
58%
Selwyn
57%
Darwin
56%
Murray Edwards
54%
Lucy Cavendish
53%
Clare Hall
48%
St. Edmund's.
47%
Hughes Hall
42%

Score Distribution

Percentile by Number Answered

Percent of People with Each Score

Your Score History

You have not taken this quiz